01067nam a2200133 4500008001000000020001800010082001500028100003800043245003300081260007600114300003300190505059900223650011100822708 EL37e a9789930964606 a708bEL37e aCollado Chaves, Adriana (editora) aEl que no enseña no vende  aSan José, Costa RicabMuseo de Arte y Diseño Contemporáneo c2017 a95 p.bill (col)c24 x 21 cm tEl zócalo urbano como espejo rFiorella ResenterratEl que no enseña no vende...Diseño de tiendas con historia en San José centrorAdriana ColladotLa ciudad de los doce clanesrOsvaldo LópeztUna historia para San José: ¿cómo contamos este cuento?rEunice Báez SáncheztLa tiendastLibrería LehmanntTienda RegistFeoli Hnos Ltda. tDistribuidora y fábrica de ropa íntima AnatSastrería ScagliettitTienda La GloriatAlmacenes San GiltAlmacén La ÓperatAlmacén BarguiltAlmacén Antonio Gazel S.A. La FavoritatBazar San JosétParaguería RegotCréditos xarte contemporáneoxarte - exhibicionesxedificios históricos - San Joséxarquitectura costarricense